MDQL
is popping MORE tags! Check the
thread
!
Quizzes
Events
Quiz Creation
Community
Videos
Private Events
Remove Ads
Sign In
Join for FREE
Feedback
Dark Mode
Quiz Categories
Sports
Geography
Music
Movies
Television
Just For Fun
Miscellaneous
History
Literature
Language
Science
Gaming
Entertainment
Religion
Holiday
For Kids
Quiz Lab
Recent
Popular Today
Quiz Kudos Today
Editor Picks
Curator Picks
Quizzes by...
Day
Popularity
Type
Ratings
Length
Year
Community
Subscriptions
Recent Discussions
Orange Saloon
Badges
Playlists
Quests
Create
Leaderboards
Showdown
Live 5
Trivia Bingo
Activity
Puzzle Library
Sporcle Events
Private Events
Virtual Trivia
Globe League
Become a Host
Pub Owners
SporcleCon
Opinionation
Our Games
Videos
Blog
Mobile Apps
Partnerships
Remove Ads and Go Orange
Feedback
Music
Pop Music
The Beatles
Song
Album
Lyrics
Bands
Singers
Artist
Clip
Rock
Rap
Classical
Billboard
Country Music
Kpop
Taylor Swift
Music
Pop Music
The Beatles
Song
Album
Lyrics
Bands
Singers
Artist
Clip
Rock
Rap
Classical
Billboard
Country Music
Kpop
Taylor Swift
Random Quiz
Search Sporcle
×
Editor Pick
Editor Pick
Music
Get the Picture
Click on answers out of a set of options
Click on answers out of a set of options
Multiple Choice
Best Score? Go Orange.
Get the Picture: Michael Jackson or the Jackson 5? Stats
Can you decide whether these songs were by Michael Jackson or the Jackson 5?
By
renesmi12
2m
16 Questions
1,250 Plays
1,250 Plays
1,250 Plays
Comments
Comments
Give Quiz Kudos
Give Quiz Kudos
-
- Ratings
hide this ad
Random Order
Randomize order of answers
Randomize order of answers
Replay
Link that replays current quiz
Next Quiz
Link to next quiz in quiz playlist
You Got
0%
They Got
Avg Score
82%
Avg Friend Score
Upgrade to see
Score Distribution
Jump to the score distribution portion of the page
Score
0/16
Timer
02:00
0
Plays Today
Question
Answer
Wrong Answers
ABC
98.3%
1.6%
Thriller
93.9%
1%
Man In the Mirror
93.5%
1.4%
Dirty Diana
92.4%
4.1%
Don't Stop 'Til You Get Enough
90.3%
8.5%
You Are Not Alone
87%
7.7%
I Want You Back
86.4%
9.9%
Hallelujah Day
83.1%
11.5%
Remember the Time
80.7%
14.3%
I'll Be There
79.4%
20.1%
They Don't Care About Us
76.7%
19.2%
Never Can Say Goodbye
76.3%
21.6%
Maybe Tomorrow
73.6%
21.6%
Lookin' Through the Windows
71.3%
23.4%
Love Never Felt So Good
65.7%
31.4%
Don't Know Why I Love You
64.7%
29.7%
Quiz Playlist
Details
Report
Send in Message
Add To Playlist
Multiple Choice:
Click on answers out of a set of options
Random Order:
Randomize order of answers
Quiz Source
Last Updated: Mar 29, 2019
Editor Pick in
Music
Quiz Scoreboard
CHALLENGE
Sign Up to Join the Scoreboard
Show All
Scores
Hide
Comments
May contain spoilers
Recently Published
Street Fighter Characters
by Artimus82
Gaming
60s
9x9 Crossword: Cartoon Network
by jackfrog10
Miscellaneous
3m
College Basketball Coaching Resumes
by pancakes188
Sports
9m
More to Explore
Quiz From the Vault
Featured Blog Post
Where Did the Easter Bunny Come From?
hide this ad
You Might Also Like...
Tags
Get the Picture Quiz
Singers Quiz
Song Quiz
Jackson 5
Michael Jackson
Song Title
Today's Top Quizzes in Music
Browse Music
hide this ad
Today's Top Quizzes in Get the Picture
Browse Get the Picture
Top Contributed Quizzes in Music
1
Taylor Swift All Songs (2024)
2
Taylor Swift Logic Puzzle
3
Guess the Artist- 70s Songs
4
7-to-1: Billboard Hot 100 #1 Hits of 2010s
5
Sorting Albums and Songs
6
KPOP LOGIC QUIZ
7
Guess the Taylor Swift song (Mystery Song)
8
Guess The Taylor Swift Lyrics Song #1
9
Billboard Blitz: ABBA
10
Billboard Blitz: The Beatles
Explore More
Trending Topics
Anime
Disney
Kpop
Marvel
Crossword
Harry Potter
NBA
The Office
Soccer
Pokémon
WWE
Song
Country
Puzzle
NFL
hide this ad
More By:
renesmi12
Quiz
Plays
Rating
Category
Featured
Created
5 Blitz: Singers (Men)
21,194
4.52
Music
Sep 3, 2020
Missing Word: Taylor Swift Songs Last Words (A-Z)
18,630
4.56
Just For Fun
Mar 17, 2019
5 Blitz: Singers (Women)
16,277
4.35
Music
Aug 4, 2020
Follow That Line: Avengers - Infinity War
9,338
4.38
Movies
May 1, 2018
Follow That Line: Thor - Ragnarok
8,966
4.06
Movies
Nov 20, 2017
Go to Creator's Profile
Score Distribution
Quiz Creator Spotlight
renesmi12
Follow
Send a Message
Quizzes Created
-
Created Quiz Play Count
-
More By This Creator
Popular Quizzes Today
1
Find the US States - No Outlines Minefield
2
Find the Countries of Europe - No Outlines Minefield
3
The Countries of the World
4
Find the US States
5
Risky Map Clicking: Biggest States A-Z
6
US States
7
Popular People in 1961
8
Movies - When Are They Set?
More Music Quizzes
Rolling Stone's Top 100 Albums of the '90s
Published
Trending Quizzes
Risky Map Clicking: Least Populous States A-Z
Countries of the World: 200 Million BC
1-10 Letter G Words
Risky Map Clicking: Next State Alphabetically
Adjectives in 80s TV Shows
Recently Updated
Leaping Animals
pecheneg
Reality TV Shows (A-Z)
bhenderson79
Rickey Henderson's Hall of Fame Teammates
pecheneg
Champions League XIs: Arsenal
pecheneg
Quick Pick: Celebrities in WWE's Hall of Fame
aduchscher
A-Z Keypad Blitz II
pecheneg
Multiple Oscar Actors
pecheneg
Mystery Phrase Blitz: Oscar 'Best Actors'
pecheneg
F. Scott Fitzgerald Novels
LTH
Pick 3 Villains
ddd62291
Trending Topics
Anime
Marvel
Harry Potter
Crossword
Kpop
Disney
NBA
The Office
Puzzle
WWE
Song
Pokémon
NFL
Country
Soccer
Your Account Isn't Verified!
In order to create a playlist on Sporcle, you need to verify the email address you used during registration. Go to your
Sporcle Settings
to finish the process.
Report this User
Report this user for behavior that violates our
Community Guidelines
.
Details:
Send Report
Go to the Sporcle.com Mobile Site →
Comments